|
|
|
|
| LEADER |
00000nam0a2200000 4500 |
| 001 |
117176 |
| 005 |
20240125121711.0 |
| 035 |
|
|
|a (RuTPU)RU\TPU\book\126823
|
| 090 |
|
|
|a 117176
|
| 100 |
|
|
|a 20070531d2007 k y0rusy50 ca
|
| 101 |
0 |
|
|a rus
|
| 102 |
|
|
|a RU
|
| 105 |
|
|
|a a dm 001zy
|
| 200 |
1 |
|
|a Свойства минеральных сорбентов применительно к технологиям топливосжигания
|e автореферат диссертации на соискание ученой степени кандидата технических наук
|e спец. 05.14.14
|f К. В. Буваков
|g Томский политехнический университет; науч. рук. А. С. Заворин
|
| 210 |
|
|
|a Томск
|c [Б. и.]
|d 2007
|
| 215 |
|
|
|a 19 с.
|c ил.
|
| 300 |
|
|
|a Защита сост. 25.05.2007 г.
|
| 320 |
|
|
|a Библиогр.: с. 17-19 (17 назв.).
|
| 452 |
|
1 |
|0 (RuTPU)RU\TPU\book\132022
|t Свойства минеральных сорбентов применительно к технологиям топливосжигания
|o автореферат диссертации на соискание ученой степени кандидата технических наук
|f К. В. Буваков
|g Томский политехнический университет; науч. рук. А. С. Заворин
|c Томск
|n Б.и.
|d 2007
|a Буваков, Константин Владимирович
|
| 610 |
1 |
|
|a тепловые электрические станции
|
| 610 |
1 |
|
|a ТЭС
|
| 610 |
1 |
|
|a топливосжигание
|
| 610 |
1 |
|
|a сорбентные материалы
|
| 610 |
1 |
|
|a свойства
|
| 610 |
1 |
|
|a использование
|
| 610 |
1 |
|
|a технологические характеристики
|
| 610 |
1 |
|
|a зола
|
| 610 |
1 |
|
|a природные минералы
|
| 610 |
1 |
|
|a сорбционные свойства
|
| 610 |
1 |
|
|a авторефераты диссертаций
|
| 610 |
1 |
|
|a труды учёных ТПУ
|
| 675 |
|
|
|a 621.311.22.002.5:621.182.2-6(04)
|v 3
|
| 686 |
|
|
|a 05.14.14
|2 oksvnk
|
| 700 |
|
1 |
|a Буваков
|b К. В.
|c специалист в области теплотехники
|c доцент Томского политехнического университета, кандидат технических наук
|f 1977-
|g Константин Владимирович
|9 11870
|
| 702 |
|
1 |
|a Заворин
|b А. С.
|c специалист в области теплотехники
|c профессор Томского политехнического университета, доктор технических наук
|f 1946-
|g Александр Сергеевич
|3 (RuTPU)RU\TPU\pers\25896
|4 727
|
| 712 |
0 |
2 |
|a Томский политехнический университет
|3 (RuTPU)RU\TPU\col\376
|
| 801 |
|
1 |
|a RU
|b 63413507
|c 20070531
|g PSBO
|
| 801 |
|
2 |
|a RU
|b 63413507
|c 20140610
|g PSBO
|
| 942 |
|
|
|c BK
|